|
|
|
|
| LEADER |
01472nam a22003732a 4500 |
| 001 |
000177320 |
| 003 |
CZ BrMZK |
| 005 |
20110204170055.0 |
| 007 |
ta |
| 008 |
970107s1983 xr a f cze d |
| 015 |
|
|
|a cnb000000894
|
| 035 |
|
|
|a (OCoLC)39576241
|
| 040 |
|
|
|a ABA001
|b cze
|d ABA001
|
| 041 |
1 |
|
|a cze
|h rus
|
| 072 |
|
7 |
|a 821.161.1
|x Ruská literatura
|2 Konspekt
|9 25
|
| 080 |
9 |
|
|a 882-32
|
| 100 |
1 |
|
|a Kuvajev, Oleg Michajlovič,
|d 1934-1975
|7 xx0026185
|4 aut
|
| 245 |
1 |
0 |
|a Každý den jako poslední :
|b [výběr z próz] /
|c Oleg Kuvajev ; z ruš. přel. a medailón o autorovi naps. Jaroslav Šanda ; il. Jiří Altmann
|
| 250 |
|
|
|a 1. vyd.
|
| 260 |
|
|
|a Praha :
|b Práce,
|c 1983
|
| 300 |
|
|
|a 267 s. :
|b obr. ;
|c 20 cm
|
| 490 |
1 |
|
|a Kamarád
|
| 500 |
|
|
|a Obálka Oldřich Pošmurný
|
| 500 |
|
|
|a 10000 výt.
|
| 655 |
|
7 |
|a povídky
|7 fd133105
|2 czenas
|
| 700 |
1 |
|
|a Šanda, Jaroslav,
|d 1923-2008
|7 jk01122485
|4 trl
|
| 700 |
1 |
|
|a Altmann, Jiří,
|d 1942-2023
|7 jk01010204
|4 ill
|
| 765 |
0 |
|
|t Každyj den' kak poslednij
|9 Česky
|
| 830 |
|
0 |
|a Kamarád (Práce)
|0 s
|
| 856 |
4 |
1 |
|u http://www.digitalniknihovna.cz/mzk/uuid/uuid:5b2c1a10-9070-11e2-9a08-005056827e52
|y Digitalizovaný dokument
|x NDK
|
| 910 |
|
|
|a BOA001
|b PK-0095.082
|b 2-0862.567
|
| 990 |
|
|
|a BK
|
| 996 |
7 |
|
|b 2619387278
|c 2-0862.567
|l MZK
|r Sklad / do 1 hodiny
|n 0
|w 000177320
|u 000020
|a 1
|e BOA001
|j MZK50
|s A
|
| 996 |
7 |
|
|b 3119945868
|c PK-0095.082
|l MZK
|r Sklad / do 1 hodiny
|n 1
|w 000177320
|u 000010
|a 1
|e BOA001
|j MZK50
|s A
|